Against platforms (Record no. 5383)

MARC details
000 -CABECERA
campo de control de longitud fija 02609cam a2200313 i 4500
001 - NÚMERO DE CONTROL
campo de control 991107459744006196
005 - FECHA Y HORA DE LA ÚLTIMA TRANSACCIÓN
campo de control 20260304160209.0
008 - DATOS DE LONGITUD FIJA--INFORMACIÓN GENERAL
campo de control de longitud fija 241108t20252024nyu g b 000 0 eng d
010 ## - NÚMERO DE CONTROL DE LA BIBLIOTECA DEL CONGRESO
Número de control de LC 2024945323
020 ## - NÚMERO INTERNACIONAL ESTÁNDAR DEL LIBRO
Número Internacional Estándar del Libro 9781685891374
Información calificativa (paperback)
020 ## - NÚMERO INTERNACIONAL ESTÁNDAR DEL LIBRO
Número Internacional Estándar del Libro 1685891373
Información calificativa (paperback)
035 ## - NÚMERO DE CONTROL DEL SISTEMA
Número de control de sistema (OCoLC)1468460610
Número de control cancelado/no válido (OCoLC)1429636115
035 ## - NÚMERO DE CONTROL DEL SISTEMA
Número de control de sistema (OCoLC)on1468460610
040 ## - FUENTE DE LA CATALOGACIÓN
Centro catalogador/agencia de origen IG#
Lengua de catalogación eng
Normas de descripción rda
Centro/agencia transcriptor IG#
Centro/agencia modificador OCLCO
-- OJ4
-- UOK
-- YDX
-- MNN
-- OCLCO
-- MNN
-- IUK
-- IG#
-- CANPU
-- CaOTSTM
041 ## - CÓDIGO DE LENGUA
Código de lengua del texto/banda sonora o título independiente English
050 #4 - SIGNATURA TOPOGRÁFICA DE LA BIBLIOTECA DEL CONGRESO
Número de clasificación HM851
Número de documento/Ítem .P47 2025
100 ## - ENTRADA PRINCIPAL--NOMBRE DE PERSONA
Nombre de persona Pepi, Mike,
Término indicativo de función/relación author.
9 (RLIN) 26798
245 10 - MENCIÓN DE TÍTULO
Título Against platforms
Resto del título : surviving digital utopia
Mención de responsabilidad, etc. / Mike Pepi.
264 #1 - PRODUCCIÓN, PUBLICACIÓN, DISTRIBUCIÓN, FABRICACIÓN Y COPYRIGHT
Producción, publicación, distribución, fabricación y copyright Brooklyn, NY :
Nombre del de productor, editor, distribuidor, fabricante Melville House,
Fecha de producción, publicación, distribución, fabricación o copyright [2025]
300 ## - DESCRIPCIÓN FÍSICA
Extensión 209 pages ;
Dimensiones 21 cm
504 ## - NOTA DE BIBLIOGRAFÍA, ETC.
Nota de bibliografía, etc. Includes bibliographical references (pages 205-209).
505 0# - NOTA DE CONTENIDO CON FORMATO
Nota de contenido con formato The utopia that never came — Data is never raw — The internet is not a "thing" — Technical solutions won't solve social problems — Decentralization is an illusion — Software is hard — Algorithms are made of people — Technology isn't given, it's made — Platforms are not institutions — After platforms.
520 ## - SUMARIO, ETC.
Sumario, etc. A bold and imaginative critique of the hidden costs of digital life - and a manifesto for a better future... At the turn of the millennium, digital technologies seemed to have immense promise for transforming our society. With these powerful new tools, the thinking went, we would be free to live our best lives, connected to our communities in ways full of infinite potential. A quarter of a century on, this form of utopianism seems like a cruel mirage. Our lives are more fragmented and pressure-filled as ever, as we race to keep up with technologies that manipulate, command, and drain us at every turn. So what happened? In Against Platforms, technologist and creator Mike Pepi lays out an explanation of what went wrong - and a manifesto for putting it right. The key, says Pepi, is that we have been taught that digital technologies are neutral tools, transparent, easily understood, and here to serve us. The reality, Pepi says, is that they are laden with assumptions and collateral consequences - ideology, in other words. And it is this hidden ideology that must be dismantled if we are to harness technology for the fullest expression of our humanity --
Fuente proveedora provided by publisher.
650 #0 - PUNTO DE ACCESO ADICIONAL DE MATERIA--TÉRMINO DE MATERIA
Término de materia o nombre geográfico como elemento de entrada Information technology
Subdivisión general Social aspects
9 (RLIN) 7710
650 #0 - PUNTO DE ACCESO ADICIONAL DE MATERIA--TÉRMINO DE MATERIA
Término de materia o nombre geográfico como elemento de entrada Information technology - Political aspects.
9 (RLIN) 26799
650 #0 - PUNTO DE ACCESO ADICIONAL DE MATERIA--TÉRMINO DE MATERIA
Término de materia o nombre geográfico como elemento de entrada Internet
Subdivisión general Social aspects
9 (RLIN) 10777
650 #0 - PUNTO DE ACCESO ADICIONAL DE MATERIA--TÉRMINO DE MATERIA
Término de materia o nombre geográfico como elemento de entrada Internet - Political aspects.
Subdivisión general Political aspects.
942 ## - ELEMENTOS DE ENTRADA AGREGADA (KOHA)
Fuente del sistema de clasificación o colocación Clasificación de Library of Congress
Holdings
Estado de retiro Estado de pérdida Fuente del sistema de clasificación o colocación Estado dañado No para préstamo Biblioteca de origen Biblioteca actual Fecha de adquisición Total de préstamos Fecha visto por última vez Número de copia Precio válido a partir de Tipo de ítem Koha Nota pública
    Clasificación de Library of Congress     TBS Barcelona TBS Barcelona 04/03/2026   04/03/2026 1 04/03/2026 Book SOON AVAILABLE

Powered by Koha